| 000 | 00595nam a2200157 a 4500 | ||
|---|---|---|---|
| 008 | 090205s1992 ||||||||||||||||| || u | ||
| 050 | _aUNO(02) | ||
| 110 | _aUnited Nations Economic and Social Affairs (UNESA) | ||
| 245 | 1 | 0 |
_aUnited Nations publications _cBy the United Nations |
| 260 |
_aNew York: _bUNITED NATIONS _c1992 |
||
| 300 | _a124p. | ||
| 350 | _a0.00 | ||
| 650 | _aCATALOGS | ||
| 650 | _aUNITED NATIONS--PUBLICATIONS | ||
| 995 |
_D0.00 _FCBU-MAIN LIBRARY (Kitwe) _H1 _I0.00 _M1 _UAVAILABLE _WFeb 5, 2009 _ZInternational Publications |
||
| 999 |
_c60851 _d60851 |
||